| 000 | 00436nam a2200193Ia 4500 | ||
|---|---|---|---|
| 008 | 170918s9999 xx 000 0 und d | ||
| 020 | _a9780439026109 | ||
| 050 | _bL926 2006 | ||
| 100 | _aLubar, David | ||
| 245 | _aPunished! / | ||
| 245 | _cDavid Lubar. | ||
| 260 | _aNew York : | ||
| 260 | _bScholastic, | ||
| 260 | _c2006 | ||
| 300 | _a96 pages : | ||
| 300 | _bcolored illustration ; | ||
| 300 | _c19cm. | ||
| 500 | _a340 | ||
| 999 |
_c341633 _d341633 |
||